000 00443nmm a2200157Ia 4500
008 251105s9999||||xx |||||||||||||||||und||
041 _aspa
100 _aSantos, Lea
245 0 _aUna mentira sin importancia
264 _a[Madrid, España] :
_bEditorial Egales,
_c2014
300 _a226 páginas
490 _aNarrativa
650 _aNorth American narrative
856 _uhttps://public.digitaliapublishing.com/a/160871
942 _cCF
999 _c100002
_d100002